| 000 | 00556nam a2200193Ia 4500 | ||
|---|---|---|---|
| 005 | 20250326143838.0 | ||
| 008 | 250326s9999 xx 000 0 und d | ||
| 020 | _a81-261-1317-0 | ||
| 037 | _aTextbook | ||
| 040 |
_aFMSL _beng _cFMSL |
||
| 041 |
_aeng _2eng |
||
| 084 |
_aX:5k P2.2 _qFMSL |
||
| 100 |
_aPrasad B K _9748572 |
||
| 245 | 0 |
_aEncyclopaedia of teaching of commerce and business management _cPrasad B K |
|
| 260 |
_aNew Delhi _bNew Delhi, Anmol _c2002 |
||
| 300 | _a819p | ||
| 942 |
_cTB _hX:5k P2.2 |
||
| 999 |
_c1301303 _d1301303 |
||